[Event "Main Vogelsberg Seniors-ch 1st"]
[Site "Grossauheim"]
[Date "2006.04.20"]
[Round "6"]
[White "Arvin, Manutschehr"]
[Black "Schaack, August"]
[Result "1-0"]
[WhiteElo "1823"]
[BlackElo "1593"]
[PlyCount "49"]
[EventDate "2006.03.02"]
[EventType "swiss"]
[EventRounds "7"]
[EventCountry "GER"]
[SourceTitle "EXT 2007"]
[Source "ChessBase"]
[SourceDate "2006.11.23"]
[SourceVersion "1"]
[SourceVersionDate "2006.11.23"]
[SourceQuality "1"]

1. e4 e5 2. Nf3 Nc6 3. d4 exd4 4. Nxd4 Nf6 5. Nc3 Bc5 6. Be3 Nxd4 7. Bxd4 Qe7 8. Be2 0-0 9. e5 Ne8 10. Nd5 Qg5 11. Bxc5 Qxg2 12. Bf3 Qg5 13. Bxf8 Qxe5+ 14. Qe2 Qxe2+ 15. Kxe2 Kxf8 16. Rhe1 c6 17. Nf4 d5 18. Rg1 Nd6 19. Rae1 Nf5 20. c3 b6 21. Kd2 Bd7 22. Nd3 Nh4 23. Bh1 f6 24. Nf4 Kf7 25. Nxd5 1-0

[Event "Main Vogelsberg Seniors-ch 1st"]
[Site "Grossauheim"]
[Date "2006.03.02"]
[Round "1"]
[White "Schaack, August"]
[Black "Herdt, Werner"]
[Result "1-0"]
[WhiteElo "1593"]
[BlackElo "1363"]
[PlyCount "110"]
[EventDate "2006.03.02"]
[EventType "swiss"]
[EventRounds "7"]
[EventCountry "GER"]
[SourceTitle "EXT 2007"]
[Source "ChessBase"]
[SourceDate "2006.11.23"]
[SourceVersion "1"]
[SourceVersionDate "2006.11.23"]
[SourceQuality "1"]

1. d4 d5 2. c4 e6 3. Nc3 Nf6 4. e3 c5 5. Nf3 Nc6 6. Bd3 cxd4 7. exd4 Be7 8. 0-0 0-0 9. a3 dxc4 10. Bxc4 a6 11. Be3 b5 12. Bb3 Na5 13. Ba2 Bb7 14. b4 Qc7 15. Rc1 Nc4 16. Na4 Bd5 17. Bxc4 Bxc4 18. Nb2 Rac8 19. Ne5 Qb7 20. Nbxc4 bxc4 21. Nxc4 Qb5 22. Na5 Nd5 23. Qb3 Bd6 24. Nc4 Bb8 25. Nb2 Ba7 26. Qd3 Qxd3 27. Nxd3 Rc3 28. Rxc3 Nxc3 29. Nc5 Bxc5 30. dxc5 Rc8 31. f3 Rc6 32. Kf2 f6 33. Rc1 Nd5 34. Ke2 Kf7 35. Rc4 g5 36. Kd3 h5 37. a4 Nc7 38. g3 e5 39. h3 Kg6 40. f4 exf4 41. gxf4 Kf5 42. fxg5 fxg5 43. Rd4 Ne6 44. Rd5+ Kg6 45. Kc4 g4 46. hxg4 hxg4 47. Rd6 Rxd6 48. cxd6 Kf5 49. d7 g3 50. b5 axb5+ 51. axb5 Nd8 52. Kd5 Kf6 53. Kd6 Nb7+ 54. Kc7 Ke6 55. Kxb7 Kxd7 1-0